Una mujer se rebela (Registro nro. 63892)

Detalles MARC
000 -ENCABEZADO
Número de control [NR] 01868nam a2200289Ia 4500
008 - DE LONGITUD FIJA DE DATOS DE ELEMENTOS - INFORMACIÓN GENERAL
Elementos de longitud fija [NR] 130821s1936 xxua gs spa
040 ## - FUENTE DE CATALOGACION [NR]
Agencia de catalogación original [NR] Co-BoUCM
Idioma de catalogación [NR] spa
041 00 - CODIGO DE IDIOMA [R]
Código de idioma para texto/pista de sonido o título separado [R] Español
092 ## - SIGNATURA TOPOGRAFICA LOCAL
Número de clasificación local DVD 0601
245 04 - MENCION DE TITULO [NR]
Título [NR] Una mujer se rebela
Mención de responsabilidad, etc. [NR] [DVD]
-- [dirigida por] Mark Sandrich
260 ## - PUBLICACION, DISTRIBUCION, ETC. (PIE DE IMPRENTA) [R]
Lugar de publicación, distribución, etc. [R] Washington D.C. (Estados Unidos)
Nombre del editor, distribuidor, etc. [R] RKO Radio Pictures
Fecha de publicación, distribución, etc. [R] 1936
300 ## - DESCRIPCION FISICA [R]
Extensión [R] 1 DVD
Otros detalles físicos [NR] son., byn
508 ## - NOTA DE CREDITOS DE CREACION/PRODUCCION [R]
Nota de créditos de creación/producción [NR] Director, Mark Sandrich ; guión .Anthony Veiller, Ernest Vajda (Novela: Netta Syrett) ; música, Roy Webb ; fotografia, Robert De Grasse (B&N)
511 ## - NOTA DE PARTICIPANTE O INTERPRETE [R]
Nota de participante o intérprete [NR] Katharine Hepburn, Herbert Marshall, Elizabeth Allan, Donald Crisp, Doris Dudley, David Manners, Lucile Watson, Van Heflin.
520 ## - NOTA DE RESUMEN, ETC. [R]
Nota de sumario, etc. [NR] SINOPSIS : Pamela es una mujer inglesa de finales del siglo XIX que posee una ideas muy avanzadas por su época. Entre otras cosas, no piensa casarse, sino que desea desarrollarse como persona. Después de muchas dificultades para encontrar trabajo, finalmente encuentra un puesto en la típica revista de mujeres sobre la cocina y los trabajos del hogar. Cuando el editor se enferma, Pamela empieza a tratar temas como la igualdad, la atención a la infancia, los cuidados médicos, y la búsqueda de empleo. Pronto se ve convertida en líder de un movimiento por estos temas, y además se deberá enfrentar a la difícil tarea de criar a un hijo sola, un escándolo para la sociedad...
546 ## - NOTA DE IDIOMA [R]
Nota de idioma [NR] Audio en Inglés y Castellano. Subtítulos en Castellano.
650 04 - ASIENTO SECUNDARIO DE MATERIA - TERMINO TEMATICO [R]
Término temático o nombre geográfico como elemento de entrada [NR] Entretenimiento
9 (RLIN) 26487
650 04 - ASIENTO SECUNDARIO DE MATERIA - TERMINO TEMATICO [R]
Término temático o nombre geográfico como elemento de entrada [NR] Mujeres en el cine
Subdivisión de forma [R] DVD
9 (RLIN) 19901
650 04 - ASIENTO SECUNDARIO DE MATERIA - TERMINO TEMATICO [R]
Término temático o nombre geográfico como elemento de entrada [NR] Padres e hijos
Subdivisión de forma [R] DVD
9 (RLIN) 20984
650 04 - ASIENTO SECUNDARIO DE MATERIA - TERMINO TEMATICO [R]
Término temático o nombre geográfico como elemento de entrada [NR] Películas cinematográficas
Subdivisión geográfica [R] Estados Unidos
Subdivisión de forma [R] DVD
9 (RLIN) 7903
650 04 - ASIENTO SECUNDARIO DE MATERIA - TERMINO TEMATICO [R]
Término temático o nombre geográfico como elemento de entrada [NR] Relaciones familiares
Subdivisión de forma [R] DVD
9 (RLIN) 8041
650 04 - ASIENTO SECUNDARIO DE MATERIA - TERMINO TEMATICO [R]
Término temático o nombre geográfico como elemento de entrada [NR] Sociología
9 (RLIN) 386
700 1# - ASIENTO SECUNDARIO - NOMBRE PERSONAL [R]
Nombre personal [NR] Sandrich, Mark
Término de relación [R]
710 2# - ASIENTO SECUNDARIO - NOMBRE CORPORATIVO [R]
Nombre corporativo o de jurisdicción como elemento de entrada [NR] RKO Radio Pictures
765 ## - ASIENTO DE IDIOMA ORIGINAL [R]
Título [NR] A woman rebels
942 ## - ELEMENTOS DE ENTRADA AGREGADOS (KOHA)
Tipo de ítem principal el descrito en 300a Multimedia
Sistema de clasificación LOCAL
Tema principal Sociología
Edición 1
Existencias
Fecha de último préstamo Código de barras Última vez visto Volúmen / Fascículo Ejemplar Price effective from Tipo de ítem Perdido Sistema de clasificación Dañado No prestable Tipo de ítem específico Suprimido Ubicación habitual Ubicación actual Localización Fecha de creación Forma de adquisición Costo Total préstamos Total Renewals Signatura topográfica
07/05/2012 100102100 09/12/2025 DVD 0601 Ej.1 03/02/2013 Multimedia   LOCAL   Préstamo restringido DVD   Procesos Técnicos Procesos Técnicos (no para préstamo) Procesos Técnicos 19/02/2013 Compra 30801.00      
15/07/2016 100109385 12/12/2025 DVD 0601 Ej.2 03/02/2013 Multimedia   LOCAL     DVD   Quinta de Mutis Quinta de Mutis Colección digital 19/02/2013 Donación 26000.00 3 2 DVD 0601